[Event "Mauricie op"]
[Site "Trois-Rivieres CAN"]
[Date "2012.03.17"]
[Round "3"]
[White "Khassanov, Marat"]
[Black "Luksza, Arkadiusz"]
[Result "1/2-1/2"]
[WhiteElo "2256"]
[BlackElo "2139"]
[PlyCount "68"]
[GameId "2160767909575895"]
[EventDate "2012.03.16"]
[EventType "swiss"]
[EventRounds "5"]
[EventCountry "CAN"]
[SourceTitle "EXT 2022"]
[Source "ChessBase"]
[SourceDate "2021.10.06"]
[SourceVersion "1"]
[SourceVersionDate "2021.10.06"]
[SourceQuality "1"]

1. e4 Nf6 2. e5 Nd5 3. c4 Nb6 4. c5 Nd5 5. Nc3 Nxc3 6. bxc3 d6 7. cxd6 exd6 8. exd6 Bxd6 9. Nf3 O-O 10. Be2 Nc6 11. d4 Bg4 12. O-O Re8 13. Be3 Qf6 14. Re1 Ne7 15. Bg5 Qg6 16. Bxe7 Rxe7 17. Nh4 Qg5 18. Bxg4 Qxh4 19. h3 Rxe1+ 20. Qxe1 h5 21. Bd7 Qf4 22. g3 Qf3 23. h4 Kf8 24. Ba4 c6 25. Bd1 Qf5 26. Kg2 Re8 27. Qd2 Re6 28. Bb3 Qe4+ 29. Kg1 Re8 30. Rf1 Kg8 31. Bc2 Qe2 32. Qd3 g6 33. Rb1 Qxd3 34. Bxd3 Re7 1/2-1/2

[Event "Mauricie op"]
[Site "Trois-Rivieres CAN"]
[Date "2012.03.17"]
[Round "3"]
[White "Kraiouchkine, Nikita"]
[Black "Sambuev, Bator"]
[Result "0-1"]
[WhiteElo "2327"]
[BlackElo "2568"]
[PlyCount "118"]
[GameId "2160767909575896"]
[EventDate "2012.03.16"]
[EventType "swiss"]
[EventRounds "5"]
[EventCountry "CAN"]
[SourceTitle "EXT 2022"]
[Source "ChessBase"]
[SourceDate "2021.10.06"]
[SourceVersion "1"]
[SourceVersionDate "2021.10.06"]
[SourceQuality "1"]

1. e4 e6 2. d4 d5 3. e5 c5 4. c3 Nc6 5. Nf3 Qb6 6. a3 Nh6 7. b4 cxd4 8. cxd4 Nf5 9. Bb2 Be7 10. Bd3 Bd7 11. Bxf5 exf5 12. O-O O-O 13. Nc3 Be6 14. Qd3 Rfc8 15. Rac1 Qd8 16. Ne2 Rc7 17. Nd2 Rac8 18. Nb3 b6 19. Rc3 a5 20. b5 Na7 21. Rxc7 Rxc7 22. a4 Rc4 23. Ra1 Bb4 24. Nd2 Bxd2 25. Qxd2 f4 26. Nxf4 Bf5 27. Qe3 Nc8 28. e6 fxe6 29. Nxe6 Qe7 30. Nf4 Qxe3 31. fxe3 Ne7 32. Rc1 Rxa4 33. Rc7 Kf8 34. Rb7 Ra2 35. Bc3 g5 36. Nh5 Be4 37. Rxb6 Nf5 38. Rf6+ Ke7 39. b6 Rxg2+ 40. Kf1 Nxe3+ 41. Ke1 Bd3 42. Rf2 Nc2+ 43. Rxc2 Rxc2 44. b7 Rc1+ 45. Kd2 Rb1 46. Kxd3 a4 47. Ng3 Rxb7 48. Ne2 a3 49. Nc1 Rb2 50. Bd2 a2 51. Bxg5+ Ke6 52. Nxa2 Rxa2 53. Bf4 Ra3+ 54. Ke2 Kf5 55. Be5 Ke4 56. Kf2 Rb3 57. h4 Rh3 58. Bg3 Kxd4 59. Kg2 Rxg3+ 0-1

[Event "Mauricie op"]
[Site "Trois-Rivieres CAN"]
[Date "2012.03.17"]
[Round "3"]
[White "Laptos, Krzysztof"]
[Black "Zhang, Zhiyuan"]
[Result "1-0"]
[WhiteElo "2230"]
[BlackElo "2055"]
[PlyCount "123"]
[GameId "2160767909575897"]
[EventDate "2012.03.16"]
[EventType "swiss"]
[EventRounds "5"]
[EventCountry "CAN"]
[SourceTitle "EXT 2022"]
[Source "ChessBase"]
[SourceDate "2021.10.06"]
[SourceVersion "1"]
[SourceVersionDate "2021.10.06"]
[SourceQuality "1"]

1. b4 d5 2. Bb2 c6 3. e3 Bf5 4. c4 Nf6 5. Nf3 e6 6. a3 Nbd7 7. Be2 Bd6 8. cxd5 exd5 9. Nd4 Bg6 10. f4 Bxb1 11. Qxb1 g6 12. O-O O-O 13. Nf3 Re8 14. Ng5 Bf8 15. Bd4 b6 16. Qa2 a6 17. Rac1 c5 18. bxc5 Bxc5 19. Ba1 Qe7 20. Kh1 b5 21. a4 Reb8 22. Bf3 h6 23. Nh3 Qd6 24. Nf2 Qe6 25. Rce1 Ra7 26. Nd3 Bd6 27. axb5 Rxb5 28. Rc1 Nc5 29. Nxc5 Bxc5 30. Be2 Ne4 31. Bxb5 axb5 32. Qb2 f6 33. d3 Bxe3 34. dxe4 Bxc1 35. Rxc1 dxe4 36. Qxb5 Kf7 37. Re1 Kg7 38. Bd4 Rd7 39. Be3 Qd6 40. h3 Qe6 41. Qb8 g5 42. fxg5 hxg5 43. Ra1 Qd6 44. Qe8 Re7 45. Qc8 Rc7 46. Qf5 Re7 47. Qf2 Rd7 48. Rf1 Qe5 49. Qe2 Rd3 50. Bc1 Rb3 51. Qa2 Qb5 52. Qa7+ Kg6 53. Qf2 Qe5 54. Re1 Rb4 55. Qc2 Qd5 56. Bb2 Rc4 57. Qb3 Qc6 58. Rf1 f5 59. Qb8 Qe6 60. Qh8 Rc7 61. g4 fxg4 62. Rf6+ 1-0

[Event "Mauricie op"]
[Site "Trois-Rivieres CAN"]
[Date "2012.03.17"]
[Round "3"]
[White "Lebeau, Gilbert"]
[Black "Wu, Qiyou"]
[Result "0-1"]
[WhiteElo "2014"]
[BlackElo "2017"]
[PlyCount "64"]
[GameId "2160767909575898"]
[EventDate "2012.03.16"]
[EventType "swiss"]
[EventRounds "5"]
[EventCountry "CAN"]
[SourceTitle "EXT 2022"]
[Source "ChessBase"]
[SourceDate "2021.10.06"]
[SourceVersion "1"]
[SourceVersionDate "2021.10.06"]
[SourceQuality "1"]

1. d4 d5 2. c4 e6 3. Nc3 Nf6 4. Nf3 Be7 5. e3 Nbd7 6. Bd3 O-O 7. O-O dxc4 8. Bxc4 a6 9. a4 b6 10. e4 Bb7 11. Re1 c5 12. d5 exd5 13. exd5 Bd6 14. Bg5 Qc7 15. Qd3 Ng4 16. Re4 Nde5 17. Qe2 h6 18. Bh4 Nxf3+ 19. Qxf3 Ne5 20. Qe2 Nxc4 21. Qxc4 Bxh2+ 22. Kf1 Bd6 23. Rae1 Bc8 24. Be7 Bxe7 25. Rxe7 Qh2 26. R1e3 Qh1+ 27. Ke2 Bf5 28. Ne4 Bg4+ 29. Kd2 Qd1+ 30. Kc3 b5 31. Qb3 b4+ 32. Kc4 Qd4# 0-1

[Event "Mauricie op"]
[Site "Trois-Rivieres CAN"]
[Date "2012.03.17"]
[Round "3"]
[White "Libersan, Thierry"]
[Black "Marquis, Paul"]
[Result "1-0"]
[WhiteElo "2084"]
[BlackElo "2434"]
[PlyCount "69"]
[GameId "2160767909575899"]
[EventDate "2012.03.16"]
[EventType "swiss"]
[EventRounds "5"]
[EventCountry "CAN"]
[SourceTitle "EXT 2022"]
[Source "ChessBase"]
[SourceDate "2021.10.06"]
[SourceVersion "1"]
[SourceVersionDate "2021.10.06"]
[SourceQuality "1"]

1. e4 d6 2. d4 Nf6 3. f3 g6 4. c4 Bg7 5. Nc3 O-O 6. Be3 c5 7. Nge2 Nc6 8. Qd2 cxd4 9. Nxd4 Bd7 10. Be2 a6 11. O-O Ne8 12. Rfd1 Nc7 13. Rac1 Nxd4 14. Bxd4 Bxd4+ 15. Qxd4 Ne6 16. Qe3 Qa5 17. Nd5 Rfe8 18. a3 Qd8 19. e5 Bc6 20. Nb6 Rb8 21. b4 Ng7 22. a4 Nf5 23. Qf2 Qc7 24. g4 Ng7 25. b5 Bd7 26. c5 d5 27. f4 e6 28. bxa6 bxa6 29. Bxa6 Bc6 30. Bb5 h5 31. h3 hxg4 32. hxg4 Red8 33. Rd3 Ne8 34. Rh3 Kf8 35. Rh8+ 1-0

[Event "Mauricie op"]
[Site "Trois-Rivieres CAN"]
[Date "2012.03.17"]
[Round "3"]
[White "Luo, Zhao Yang"]
[Black "Jodoin, Pierre"]
[Result "1-0"]
[WhiteElo "2072"]
[BlackElo "1770"]
[PlyCount "25"]
[GameId "2160767909575900"]
[EventDate "2012.03.16"]
[EventType "swiss"]
[EventRounds "5"]
[EventCountry "CAN"]
[SourceTitle "EXT 2022"]
[Source "ChessBase"]
[SourceDate "2021.10.06"]
[SourceVersion "1"]
[SourceVersionDate "2021.10.06"]
[SourceQuality "1"]

1. d4 Nf6 2. Nf3 e6 3. e3 c5 4. Bd3 d5 5. b3 Nc6 6. O-O Bd6 7. Bb2 cxd4 8. exd4 O-O 9. a3 Qc7 10. Qe2 Re8 11. Ne5 Qb6 12. Rd1 Nd7 13. Bxh7+ 1-0

[Event "Mauricie op"]
[Site "Trois-Rivieres CAN"]
[Date "2012.03.17"]
[Round "3"]
[White "Marinkovic, Mate"]
[Black "Poulin, Mathieu"]
[Result "1/2-1/2"]
[WhiteElo "2138"]
[BlackElo "2015"]
[PlyCount "120"]
[GameId "2160767909575901"]
[EventDate "2012.03.16"]
[EventType "swiss"]
[EventRounds "5"]
[EventCountry "CAN"]
[SourceTitle "EXT 2022"]
[Source "ChessBase"]
[SourceDate "2021.10.06"]
[SourceVersion "1"]
[SourceVersionDate "2021.10.06"]
[SourceQuality "1"]

1. c4 Nf6 2. g3 e6 3. Nf3 d5 4. b3 Be7 5. Bg2 c5 6. O-O O-O 7. Bb2 Nc6 8. e3 b6 9. Nc3 Bb7 10. cxd5 Nxd5 11. Nxd5 Qxd5 12. Ne5 Qd6 13. d4 cxd4 14. Nxc6 Bxc6 15. Bxc6 Qxc6 16. Bxd4 Qe4 17. Rc1 Rac8 18. Rxc8 Rxc8 19. Bxb6 axb6 20. Qd7 Qc2 21. Qxe7 h6 22. Qa7 Qc6 23. Qa3 b5 24. Qb2 b4 25. Qd4 Ra8 26. Qd2 Qa6 27. Rc1 Qxa2 28. Qxa2 Rxa2 29. Rc8+ Kh7 30. Rb8 Rb2 31. Rxb4 Kg6 32. Rb8 Kf5 33. Kg2 Ke5 34. b4 Kf5 35. b5 Ke5 36. b6 Kf5 37. Kf3 Ke5 38. h3 Rb4 39. Kg2 Rb2 40. Kf3 Rb4 41. Rb7 Kf6 42. Ke2 Rb2+ 43. Ke1 g6 44. f3 h5 45. Kd1 Ke5 46. Kc1 Rb5 47. Kc2 f6 48. Kc3 Kd6 49. Rf7 Rxb6 50. Rxf6 g5 51. Rh6 g4 52. hxg4 hxg4 53. f4 Kd5 54. Rg6 Ke4 55. Rxg4 Kxe3 56. Rg6 Ke4 57. Rf6 Ra6 58. g4 Ra3+ 59. Kc4 Rg3 60. g5 e5 1/2-1/2

[Event "Mauricie op"]
[Site "Trois-Rivieres CAN"]
[Date "2012.03.17"]
[Round "3"]
[White "Masse, Hugues"]
[Black "Chabot, Roland"]
[Result "1-0"]
[WhiteElo "2277"]
[BlackElo "2146"]
[PlyCount "193"]
[GameId "2160767909575902"]
[EventDate "2012.03.16"]
[EventType "swiss"]
[EventRounds "5"]
[EventCountry "CAN"]
[SourceTitle "EXT 2022"]
[Source "ChessBase"]
[SourceDate "2021.10.06"]
[SourceVersion "1"]
[SourceVersionDate "2021.10.06"]
[SourceQuality "1"]

1. d4 d6 2. Nf3 Nf6 3. c4 g6 4. Nc3 Bf5 5. g3 Ne4 6. Nd5 c6 7. Ne3 Qa5+ 8. Nd2 Bg7 9. f3 Nf6 10. Nxf5 gxf5 11. e3 h5 12. h4 Nbd7 13. Bd3 e6 14. Kf2 O-O-O 15. a3 Rhg8 16. Rg1 c5 17. b4 Qc7 18. Nb3 Bh8 19. Bd2 Rg6 20. Be1 Rdg8 21. Kf1 Bg7 22. Bf2 Bf8 23. Qe2 Kb8 24. Rc1 Be7 25. Rc2 R6g7 26. Ke1 Nh7 27. Rh1 Nhf8 28. Kd1 Ng6 29. Kc1 Bf6 30. Kb1 Be7 31. b5 Nb6 32. Rhc1 Nf8 33. Ra2 Na4 34. Qd1 Nd7 35. Nd2 Ndb6 36. Nf1 Bf6 37. Qd2 Nd7 38. Bc2 Nab6 39. Bb3 Nc8 40. Qd3 Qd8 41. Rd1 Qe7 42. a4 Rg6 43. a5 Bg7 44. a6 b6 45. Rad2 Qf6 46. Bc2 Ne7 47. Ka2 Rc8 48. Bb3 Rc7 49. Rc2 Nc8 50. Nd2 Rh6 51. Ka3 Rh8 52. Nb1 Qe7 53. Ka2 Qf6 54. Nc3 Qe7 55. Ne2 Nf6 56. Rcc1 Rd7 57. Rd2 Rhd8 58. Rcd1 Bf8 59. dxc5 dxc5 60. Qc2 Rxd2 61. Rxd2 Rxd2 62. Qxd2 Qd7 63. Be1 Qxd2+ 64. Bxd2 Bd6 65. Bc3 e5 66. f4 Ng4 67. fxe5 Bxe5 68. Bxe5+ Nxe5 69. Nf4 Ng4 70. Nxh5 Nxe3 71. Nf4 Ne7 72. h5 Ng4 73. Bd1 Nh6 74. Kb2 Kc7 75. Kc3 Kd6 76. Kd3 Ke5 77. Ke3 Kd6 78. Nd3 Nc8 79. Kf4 f6 80. Bf3 Ne7 81. Nf2 Ke6 82. Nd1 Nc8 83. Bd5+ Ke7 84. Ne3 Nd6 85. Bf3 Ke6 86. Bg2 Kf7 87. Bf1 Ke6 88. Bd3 Kf7 89. Nd5 Nc8 90. Be2 Ke6 91. Bf3 Kf7 92. Ke3 Ke6 93. Kf4 Kf7 94. Be2 Ke6 95. Nc3 Ne7 96. Na4 Kd6 97. Nxb6 1-0

[Event "Mauricie op"]
[Site "Trois-Rivieres CAN"]
[Date "2012.03.17"]
[Round "3"]
[White "Qin, Zi Yi (Joey)"]
[Black "Hebert, Jean"]
[Result "1/2-1/2"]
[WhiteElo "2279"]
[BlackElo "2434"]
[PlyCount "48"]
[GameId "2160767909575903"]
[EventDate "2012.03.16"]
[EventType "swiss"]
[EventRounds "5"]
[EventCountry "CAN"]

1. e4 g6 2. d4 d6 3. Nc3 c6 4. Be3 Bg7 5. a4 Nf6 6. h3 O-O 7. Nf3 Nbd7 8. a5 Qc7 9. Be2 a6 10. O-O c5 11. d5 b5 12. axb6 Nxb6 13. Qd2 Re8 14. Ra3 e6 15. dxe6 Bxe6 16. Bf4 Nc4 17. Bxc4 Bxc4 18. Re1 Qb7 19. b3 Bb5 20. Nxb5 axb5 21. Rxa8 Qxa8 22. e5 Nd5 23. Bg3 dxe5 24. Bxe5 Qc6 1/2-1/2

[Event "Mauricie op"]
[Site "Trois-Rivieres CAN"]
[Date "2012.03.17"]
[Round "3"]
[White "Robichaud, Louis"]
[Black "Djerkovic, Miladin"]
[Result "1/2-1/2"]
[WhiteElo "2070"]
[BlackElo "2277"]
[PlyCount "95"]
[GameId "2160767909575904"]
[EventDate "2012.03.16"]
[EventType "swiss"]
[EventRounds "5"]
[EventCountry "CAN"]
[SourceTitle "EXT 2022"]
[Source "ChessBase"]
[SourceDate "2021.10.06"]
[SourceVersion "1"]
[SourceVersionDate "2021.10.06"]
[SourceQuality "1"]

1. e4 e5 2. Nf3 Nc6 3. Bb5 a6 4. Ba4 Nf6 5. O-O Be7 6. Re1 b5 7. Bb3 d6 8. c3 O-O 9. h3 Bb7 10. d4 Re8 11. Nbd2 Bf8 12. Bc2 g6 13. a3 Bg7 14. d5 Nb8 15. Nf1 c6 16. dxc6 Bxc6 17. Bg5 Qc7 18. Bxf6 Bxf6 19. Ne3 Nd7 20. Qd2 Nb6 21. Bb3 Rad8 22. Nd5 Nxd5 23. Bxd5 Bd7 24. Rad1 Be6 25. Re3 Be7 26. Rd3 Kg7 27. Ne1 h6 28. Nc2 Bg5 29. Qe2 a5 30. Kh2 Bc8 31. Rf3 f5 32. Qxb5 f4 33. b4 h5 34. Rfd3 Rf8 35. Qxa5 Qe7 36. f3 Bh4 37. Bc4 Bf2 38. R3d2 Qh4 39. Qc7+ Kh8 40. Rf1 Qg3+ 41. Kh1 Rd7 42. Qc6 Be3 43. Be6 Rdd8 44. Rxd6 Bxe6 45. Rxd8 Rxd8 46. Qxe6 Qg5 47. Qf7 Rd2 48. Qf8+ 1/2-1/2

[Event "Mauricie op"]
[Site "Trois-Rivieres CAN"]
[Date "2012.03.17"]
[Round "3"]
[White "Yun, Chang"]
[Black "Roy, Myriam"]
[Result "1/2-1/2"]
[WhiteElo "1963"]
[BlackElo "2093"]
[PlyCount "48"]
[GameId "2160767909575905"]
[EventDate "2012.03.16"]
[EventType "swiss"]
[EventRounds "5"]
[EventCountry "CAN"]
[SourceTitle "EXT 2022"]
[Source "ChessBase"]
[SourceDate "2021.10.06"]
[SourceVersion "1"]
[SourceVersionDate "2021.10.06"]
[SourceQuality "1"]

1. e4 c5 2. Nf3 Nc6 3. Bb5 d6 4. Bxc6+ bxc6 5. O-O e5 6. c3 Bg4 7. h3 Bh5 8. d3 Nf6 9. Nbd2 Be7 10. Re1 O-O 11. Nf1 Qc7 12. Ng3 Bg6 13. Nh4 Rfe8 14. Nhf5 Rad8 15. Qc2 Bf8 16. Bg5 Re6 17. Rad1 Rde8 18. Kh1 d5 19. b3 Nd7 20. Bc1 Nb6 21. Nh4 Rd8 22. Nxg6 hxg6 23. c4 d4 24. Bd2 Nd7 1/2-1/2

[Event "Mauricie op"]
[Site "Trois-Rivieres CAN"]
[Date "2012.03.18"]
[Round "4"]
[White "Auger, Bertrand"]
[Black "Bleau, John"]
[Result "1-0"]
[WhiteElo "1966"]
[BlackElo "1988"]
[PlyCount "85"]
[GameId "2160767909575906"]
[EventDate "2012.03.16"]
[EventType "swiss"]
[EventRounds "5"]
[EventCountry "CAN"]
[SourceTitle "EXT 2022"]
[Source "ChessBase"]
[SourceDate "2021.10.06"]
[SourceVersion "1"]
[SourceVersionDate "2021.10.06"]
[SourceQuality "1"]

1. Nf3 d5 2. g3 c5 3. Bg2 Nf6 4. c4 d4 5. b4 cxb4 6. a3 b3 7. Qxb3 Nc6 8. O-O e5 9. d3 Be7 10. a4 O-O 11. Ba3 Rb8 12. Nbd2 Bd7 13. Bxe7 Qxe7 14. a5 Rfe8 15. Ng5 Nb4 16. Rab1 Na6 17. Qa2 Bc6 18. Nge4 g6 19. f4 Nxe4 20. Nxe4 Bxe4 21. Bxe4 f5 22. Bd5+ Kg7 23. Qb2 b6 24. Qa1 Nb4 25. axb6 axb6 26. Rfc1 Kh6 27. Bg2 Qc5 28. Qa4 exf4 29. Qxb4 fxg3 30. hxg3 Qc7 31. Kf2 Re3 32. Bf3 g5 33. Rh1+ Kg6 34. g4 fxg4 35. Be4+ Rxe4 36. dxe4 Qf4+ 37. Ke1 d3 38. Qd2 Qg3+ 39. Kd1 Qg2 40. Re1 dxe2+ 41. Rxe2 Qg1+ 42. Kc2 Qc5 43. Qd5 1-0

[Event "Mauricie op"]
[Site "Trois-Rivieres CAN"]
[Date "2012.03.18"]
[Round "4"]
[White "Bolduc, Steve"]
[Black "Qin, Zi Yi (Joey)"]
[Result "0-1"]
[WhiteElo "2310"]
[BlackElo "2279"]
[PlyCount "66"]
[GameId "2160767909575907"]
[EventDate "2012.03.16"]
[EventType "swiss"]
[EventRounds "5"]
[EventCountry "CAN"]

1. d4 Nf6 2. c4 g6 3. Nc3 Bg7 4. e4 d6 5. f3 c5 6. dxc5 dxc5 7. Qxd8+ Kxd8 8. Be3 Nfd7 9. O-O-O Bxc3 10. bxc3 b6 11. h4 h5 12. Nh3 Nc6 13. f4 Ke8 14. Be2 Nf6 15. e5 Ng4 16. Bf3 Bb7 17. Rhe1 Rd8 18. Ng5 Rxd1+ 19. Kxd1 Na5 20. f5 gxf5 21. e6 f6 22. Nf7 Bxf3+ 23. gxf3 Nxe3+ 24. Rxe3 Nxc4 25. Re1 Rg8 26. Kc2 Nd6 27. Nxd6+ exd6 28. Kb3 Ke7 29. Kc4 Rg3 30. f4 Rg4 31. Kd5 Rxf4 32. Rg1 Rg4 33. Rf1 Re4 0-1

[Event "Mauricie op"]
[Site "Trois-Rivieres CAN"]
[Date "2012.03.18"]
[Round "4"]
[White "Chabot, Roland"]
[Black "Robichaud, Louis"]
[Result "0-1"]
[WhiteElo "2146"]
[BlackElo "2070"]
[PlyCount "52"]
[GameId "2160767909575908"]
[EventDate "2012.03.16"]
[EventType "swiss"]
[EventRounds "5"]
[EventCountry "CAN"]
[SourceTitle "EXT 2022"]
[Source "ChessBase"]
[SourceDate "2021.10.06"]
[SourceVersion "1"]
[SourceVersionDate "2021.10.06"]
[SourceQuality "1"]

1. Nf3 Nf6 2. c4 g6 3. b4 Bg7 4. Bb2 a5 5. a3 axb4 6. axb4 Rxa1 7. Bxa1 O-O 8. d3 c6 9. e3 d5 10. c5 b6 11. Qa4 bxc5 12. bxc5 Nbd7 13. Qa3 Re8 14. Ne5 Nxe5 15. Bxe5 Nd7 16. Bxg7 Kxg7 17. h4 e5 18. Nd2 Qe7 19. Nb3 Bb7 20. Qa7 Ra8 21. Qxb7 Rb8 22. Qxc6 Rxb3 23. Qxd5 Rb2 24. Qc4 Nxc5 25. Qc3 Na4 26. Qc1 Qb4+ 0-1

[Event "Mauricie op"]
[Site "Trois-Rivieres CAN"]
[Date "2012.03.18"]
[Round "4"]
[White "Djerkovic, Miladin"]
[Black "Poirier, Erik"]
[Result "1/2-1/2"]
[WhiteElo "2277"]
[BlackElo "2028"]
[PlyCount "64"]
[GameId "2160767909575909"]
[EventDate "2012.03.16"]
[EventType "swiss"]
[EventRounds "5"]
[EventCountry "CAN"]
[SourceTitle "EXT 2022"]
[Source "ChessBase"]
[SourceDate "2021.10.06"]
[SourceVersion "1"]
[SourceVersionDate "2021.10.06"]
[SourceQuality "1"]

1. e4 c5 2. Nf3 Nc6 3. d4 cxd4 4. Nxd4 Nf6 5. Nc3 e5 6. Ndb5 d6 7. Nd5 Nxd5 8. exd5 Nb8 9. Qf3 a6 10. Qa3 Be7 11. Bd2 O-O 12. Bb4 Bf5 13. Bxd6 Bxd6 14. Nxd6 Bxc2 15. Rc1 Bg6 16. h4 Nd7 17. h5 Qg5 18. Qe3 Qe7 19. hxg6 Qxd6 20. Rxh7 Qxg6 21. Rh4 Rac8 22. Rxc8 Rxc8 23. Bd3 Qxg2 24. Bh7+ Kf8 25. Qa3+ Ke8 26. Be4 Rc1+ 27. Ke2 Qf1+ 28. Kf3 Nc5 29. Qa5 Qd1+ 30. Kg2 Qf1+ 31. Kf3 Qd1+ 32. Kg2 Qf1+ 1/2-1/2

[Event "Mauricie op"]
[Site "Trois-Rivieres CAN"]
[Date "2012.03.18"]
[Round "4"]
[White "Fortier, Marc-Andre"]
[Black "Marquis, Paul"]
[Result "0-1"]
[WhiteElo "2117"]
[BlackElo "1918"]
[PlyCount "130"]
[GameId "2160767909575910"]
[EventDate "2012.03.16"]
[EventType "swiss"]
[EventRounds "5"]
[EventCountry "CAN"]
[SourceTitle "EXT 2022"]
[Source "ChessBase"]
[SourceDate "2021.10.06"]
[SourceVersion "1"]
[SourceVersionDate "2021.10.06"]
[SourceQuality "1"]

1. e4 d6 2. d4 Nf6 3. Nc3 g6 4. Be2 Bg7 5. Be3 c6 6. g4 h5 7. g5 Nfd7 8. f4 Qa5 9. Nf3 h4 10. O-O Nf8 11. Nd2 e6 12. Nc4 Qc7 13. e5 d5 14. Nd6+ Ke7 15. b4 Nh7 16. b5 Rd8 17. Qe1 Rxd6 18. exd6+ Qxd6 19. Rb1 Nd7 20. Qxh4 Nhf8 21. Qf2 Nb6 22. Rfd1 Bd7 23. bxc6 Bxc6 24. Rb3 Nc4 25. Bc1 Kd8 26. h4 Qd7 27. Ba3 a5 28. Bc5 b5 29. Nb1 b4 30. Nd2 Nd6 31. Bd3 Ne4 32. Bxe4 dxe4 33. Nc4 Ra6 34. Nxa5 Rxa5 35. Bb6+ Kc8 36. Bxa5 Qd5 37. c4 Qxa5 38. Qd2 Qf5 39. Rg3 Nd7 40. d5 Ba4 41. dxe6 Qxe6 42. Rb1 Bf8 43. Kh2 Bc5 44. Qd5 Qxd5 45. cxd5 Kc7 46. Kh3 Bc2 47. Rc1 Bd3 48. h5 gxh5 49. Kh4 Kd6 50. Kxh5 Kxd5 51. f5 Bd6 52. Rg2 Bf4 53. Rc8 e3 54. g6 fxg6+ 55. fxg6 Nf6+ 56. Kh4 e2 57. Rd8+ Ke4 58. Rg1 Bd2 59. g7 e1=Q+ 60. Rxe1+ Bxe1+ 61. Kg5 Bc3 62. Rf8 Bc4 63. Rb8 Bxa2 64. Rxb4+ Bxb4 65. Kxf6 Bg8 0-1

[Event "Mauricie op"]
[Site "Trois-Rivieres CAN"]
[Date "2012.03.18"]
[Round "4"]
[White "Hebert, Jean"]
[Black "Masse, Hugues"]
[Result "1-0"]
[WhiteElo "2434"]
[BlackElo "2277"]
[PlyCount "75"]
[GameId "2160767909575911"]
[EventDate "2012.03.16"]
[EventType "swiss"]
[EventRounds "5"]
[EventCountry "CAN"]
[SourceTitle "EXT 2022"]
[Source "ChessBase"]
[SourceDate "2021.10.06"]
[SourceVersion "1"]
[SourceVersionDate "2021.10.06"]
[SourceQuality "1"]

1. c4 Nf6 2. Nc3 d5 3. cxd5 Nxd5 4. g3 g6 5. Bg2 Nxc3 6. bxc3 Bg7 7. Rb1 Nd7 8. Qc2 Rb8 9. Nf3 O-O 10. h4 h6 11. O-O c5 12. d4 b5 13. Bf4 Rb6 14. Qd2 h5 15. dxc5 Rc6 16. Nd4 Rxc5 17. Nxb5 Qa5 18. c4 Qxd2 19. Bxd2 Rxc4 20. Nxa7 Rc2 21. Nxc8 Rfxc8 22. Rfc1 R8c5 23. Be3 R5c3 24. a4 Rxe2 25. Rxc3 Bxc3 26. Rb3 Be5 27. Rb7 Re1+ 28. Bf1 Nf6 29. a5 Nd5 30. Bc5 Rc1 31. Ba7 Ra1 32. a6 Bd6 33. Bd4 Rc1 34. a7 Rc8 35. Ba6 e5 36. Rd7 Re8 37. Rxd6 Nc7 38. Bb7 1-0

[Event "Mauricie op"]
[Site "Trois-Rivieres CAN"]
[Date "2012.03.18"]
[Round "4"]
[White "Jodoin, Pierre"]
[Black "Chiku-Ratte, Olivier-Kenta"]
[Result "1/2-1/2"]
[WhiteElo "1770"]
[BlackElo "2116"]
[PlyCount "119"]
[GameId "2160767909575912"]
[EventDate "2012.03.16"]
[EventType "swiss"]
[EventRounds "5"]
[EventCountry "CAN"]
[SourceTitle "EXT 2022"]
[Source "ChessBase"]
[SourceDate "2021.10.06"]
[SourceVersion "1"]
[SourceVersionDate "2021.10.06"]
[SourceQuality "1"]

1. e4 c5 2. Nf3 d6 3. d4 cxd4 4. Nxd4 Nf6 5. Nc3 g6 6. Be3 Bg7 7. f3 Nc6 8. Qd2 O-O 9. Bc4 Bd7 10. h4 h5 11. O-O-O Rc8 12. Bb3 Ne5 13. g4 Qa5 14. Kb1 Rxc3 15. Qxc3 Qxc3 16. bxc3 Rc8 17. g5 Ne8 18. Bd2 a5 19. a4 Nc4 20. Rhf1 Nxd2+ 21. Rxd2 Rxc3 22. Ne2 Rc8 23. Nd4 e6 24. Ne2 b5 25. axb5 Bxb5 26. Rf2 a4 27. Ba2 Rb8 28. Kc1 Bxe2 29. Rdxe2 Nc7 30. c4 Bd4 31. Rf1 Na6 32. f4 Nc5 33. Rf3 e5 34. f5 gxf5 35. Rxf5 a3 36. Rf3 Rb2 37. Kd1 Nxe4 38. Rxa3 Rxe2 39. Kxe2 Bc5 40. Ra8+ Kg7 41. Kf3 Nc3 42. Bb3 e4+ 43. Kg2 e3 44. Re8 f6 45. gxf6+ Kf7 46. Ra8 e2 47. Ra1 Kxf6 48. Re1 Bb4 49. Kf3 Nb1 50. Rxe2 Nd2+ 51. Rxd2 Bxd2 52. Bc2 Be1 53. Be4 Bxh4 54. Bd5 Kg5 55. Kg2 Kg4 56. Kh1 Be1 57. Ba8 h4 58. Bd5 h3 59. Be6+ Kg3 60. Bd5 1/2-1/2

[Event "Mauricie op"]
[Site "Trois-Rivieres CAN"]
[Date "2012.03.18"]
[Round "4"]
[White "Khassanov, Marat"]
[Black "Libersan, Thierry"]
[Result "1-0"]
[WhiteElo "2256"]
[BlackElo "2084"]
[PlyCount "89"]
[GameId "2160767909575913"]
[EventDate "2012.03.16"]
[EventType "swiss"]
[EventRounds "5"]
[EventCountry "CAN"]
[SourceTitle "EXT 2022"]
[Source "ChessBase"]
[SourceDate "2021.10.06"]
[SourceVersion "1"]
[SourceVersionDate "2021.10.06"]
[SourceQuality "1"]

1. Nf3 Nf6 2. d4 c5 3. c3 b6 4. Bg5 Ne4 5. Bh4 Bb7 6. Nbd2 g6 7. Nxe4 Bxe4 8. Ng5 Bc6 9. d5 Bb7 10. e4 Bg7 11. Bc4 d6 12. f4 O-O 13. a4 Bf6 14. O-O h6 15. Nf3 Bxh4 16. Nxh4 e5 17. Qg4 Bc8 18. Qg3 exf4 19. Qxf4 Qg5 20. Nxg6 Qxg6 21. Rf3 Nd7 22. Rg3 Ne5 23. Be2 Kg7 24. Rf1 f6 25. Rxg6+ Kxg6 26. Qg3+ Kh7 27. Rf4 Bd7 28. Bb5 Bxb5 29. axb5 Rae8 30. Rh4 Rg8 31. Qh3 Rg6 32. Qf5 Kg7 33. Rh3 c4 34. Kf2 Rg5 35. Rg3 Nd3+ 36. Ke2 Ne5 37. Rxg5+ fxg5 38. Ke3 Re7 39. Qc8 Rf7 40. h3 Re7 41. Qd8 Rd7 42. Qe8 Rf7 43. Qe6 Rd7 44. Kd4 Kh7 45. Qf6 1-0

[Event "Mauricie op"]
[Site "Trois-Rivieres CAN"]
[Date "2012.03.18"]
[Round "4"]
[White "Laptos, Krzysztof"]
[Black "Luo, Zhao Yang"]
[Result "1/2-1/2"]
[WhiteElo "2230"]
[BlackElo "2072"]
[PlyCount "66"]
[GameId "2160767909575914"]
[EventDate "2012.03.16"]
[EventType "swiss"]
[EventRounds "5"]
[EventCountry "CAN"]
[SourceTitle "EXT 2022"]
[Source "ChessBase"]
[SourceDate "2021.10.06"]
[SourceVersion "1"]
[SourceVersionDate "2021.10.06"]
[SourceQuality "1"]

1. c4 Nf6 2. g3 g6 3. Bg2 Bg7 4. Nf3 O-O 5. Nc3 d6 6. O-O c6 7. d3 Nbd7 8. Rb1 Re8 9. b4 Nh5 10. Bd2 Nf8 11. Ne1 e5 12. b5 c5 13. Nd5 Be6 14. Bf3 Bxd5 15. Bxd5 Qc7 16. Nc2 Ne6 17. a4 Rab8 18. b6 axb6 19. Na3 Nf6 20. Nb5 Qd8 21. Bg2 Nd4 22. Bg5 Nc6 23. Nc3 Nb4 24. Nd5 Nbxd5 25. Bxd5 Qc7 26. Bxf6 Bxf6 27. e4 Ra8 28. Kh1 Rf8 29. Qb3 Bd8 30. f4 Kg7 31. fxe5 dxe5 32. Rf2 Qd7 33. Ra2 Ra5 1/2-1/2